[Event "DVM U12 2023"]
[Site "Magdeburg GER"]
[Date "2023.12.30"]
[Round "7"]
[White "Gilcher, Tamino"]
[Black "Rexhausen, Mika"]
[Result "1/2-1/2"]
[Termination "normal"]
[Board "7.4"]
[WhiteElo "1207"]
[BlackElo "943"]
[WhiteClock "00:39:41"]
[BlackClock "00:36:13"]
[WhiteTeam "SG Trier 1877"]
[BlackTeam "1. Eichsfelder SC"]
[PlyCount "111"]
[WhiteFideId "34681787"]
[BlackFideId "34681752"]
[EventCountry "GER"]
[EventRounds "7"]
[EventType "team-swiss"]
[EventDate "2023.12.26"]

1. e4 {[%clk 01:30:47]} {[%emt 00:00:13]} c5 {[%clk 01:30:48]} {[%emt
00:00:13]} 2. Nf3 {[%clk 01:31:07]} {[%emt 00:00:10]} e6 {[%clk 01:30:54]}
{[%emt 00:00:22]} 3. Nc3 {[%clk 01:30:21]} {[%emt 00:01:17]} Nc6 {[%clk
01:30:55]} {[%emt 00:00:29]} 4. Bc4 {[%emt 00:00:22]} a6 {[%clk 01:29:48]}
{[%emt 00:01:34]} 5. d3 {[%clk 01:29:35]} {[%emt 00:01:28]} Qc7 {[%clk
01:30:03]} {[%emt 00:00:15]} 6. O-O {[%clk 01:25:05]} {[%emt 00:05:01]} Be7
{[%clk 01:29:47]} {[%emt 00:00:45]} 7. h3 {[%clk 01:21:09]} {[%emt 00:04:26]}
Nf6 {[%clk 01:29:26]} {[%emt 00:00:50]} 8. Re1 {[%clk 01:20:23]} {[%emt
00:01:17]} O-O {[%clk 01:29:41]} {[%emt 00:00:15]} 9. e5 {[%clk 01:20:34]}
{[%emt 00:00:19]} Ne8 {[%clk 01:28:43]} {[%emt 00:01:27]} 10. Bf4 {[%clk
01:20:47]} {[%emt 00:00:17]} b5 {[%clk 01:28:31]} {[%emt 00:00:42]} 11. Bb3
{[%clk 01:20:34]} {[%emt 00:00:43]} Bb7 {[%clk 01:22:25]} {[%emt 00:06:36]} 12.
Ng5 {[%clk 01:19:40]} {[%emt 00:01:25]} Nxe5 {[%clk 01:21:10]} {[%emt
00:01:45]} 13. Bxe5 {[%clk 01:19:56]} {[%emt 00:00:15]} Qc6 {[%clk 01:19:29]}
{[%emt 00:02:10]} 14. Nf3 {[%clk 01:19:55]} {[%emt 00:00:31]} d5 {[%clk
01:15:03]} {[%emt 00:04:56]} 15. a3 {[%clk 01:19:37]} {[%emt 00:00:48]} Rd8
{[%clk 01:15:14]} {[%emt 00:00:19]} 16. d4 {[%clk 01:08:49]} {[%emt 00:11:17]}
c4 {[%clk 01:15:12]} {[%emt 00:00:31]} 17. Ba2 {[%clk 01:09:11]} {[%emt
00:00:09]} Bf6 {[%clk 01:05:46]} {[%emt 00:09:56]} 18. b3 {[%clk 01:07:50]}
{[%emt 00:01:50]} h6 {[%clk 01:04:18]} {[%emt 00:01:59]} 19. a4 {[%clk
01:03:43]} {[%emt 00:04:36]} b4 {[%clk 01:00:06]} {[%emt 00:04:43]} 20. Ne2
{[%clk 00:58:16]} {[%emt 00:05:57]} c3 {[%clk 00:59:11]} {[%emt 00:01:24]} 21.
Bxf6 {[%clk 00:58:11]} {[%emt 00:00:36]} Nxf6 {[%clk 00:59:18]} {[%emt
00:00:22]} 22. Ne5 {[%clk 00:58:40]} {[%emt 00:00:02]} Qb6 {[%clk 00:58:10]}
{[%emt 00:01:38]} 23. Qd3 {[%clk 00:58:22]} {[%emt 00:00:47]} a5 {[%clk
00:57:18]} {[%emt 00:01:22]} 24. Nxc3 {[%clk 00:54:23]} {[%emt 00:04:28]} bxc3
{[%clk 00:56:39]} {[%emt 00:01:06]} 25. Qxc3 {[%clk 00:54:42]} {[%emt
00:00:14]} Rc8 {[%clk 00:56:57]} {[%emt 00:00:11]} 26. Qd3 {[%clk 00:54:42]}
{[%emt 00:00:29]} Ba6 {[%clk 00:57:02]} {[%emt 00:00:25]} 27. c4 {[%clk
00:54:53]} {[%emt 00:00:21]} dxc4 {[%clk 00:55:43]} {[%emt 00:01:48]} 28. bxc4
{[%clk 00:55:13]} {[%emt 00:00:11]} Rfd8 {[%clk 00:55:20]} {[%emt 00:00:52]}
29. Red1 {[%clk 00:52:53]} {[%emt 00:02:51]} Nd7 {[%clk 00:52:05]} {[%emt
00:03:44]} 30. Nxd7 {[%clk 00:51:50]} {[%emt 00:01:33]} Rxd7 {[%clk 00:51:23]}
{[%emt 00:01:12]} 31. Bb1 {[%clk 00:52:11]} {[%emt 00:00:08]} g6 {[%clk
00:49:39]} {[%emt 00:02:15]} 32. Ba2 {[%clk 00:50:50]} {[%emt 00:01:49]} e5
{[%clk 00:49:06]} {[%emt 00:01:06]} 33. d5 {[%clk 00:49:32]} {[%emt 00:01:48]}
Qc5 {[%clk 00:47:40]} {[%emt 00:01:54]} 34. Rac1 {[%clk 00:48:50]} {[%emt
00:01:13]} f5 {[%clk 00:47:17]} {[%emt 00:00:54]} 35. g4 {[%clk 00:49:00]}
{[%emt 00:00:20]} e4 {[%clk 00:47:14]} {[%emt 00:00:33]} 36. Qd4 {[%clk
00:47:27]} {[%emt 00:02:02]} Qa3 {[%clk 00:46:14]} {[%emt 00:01:29]} 37. Qf6
{[%clk 00:47:11]} {[%emt 00:00:48]} Kh7 {[%clk 00:43:49]} {[%emt 00:02:54]} 38.
Qxa6 {[%clk 00:47:21]} {[%emt 00:00:20]} Rdd8 {[%clk 00:41:49]} {[%emt
00:02:30]} 39. d6 {[%clk 00:42:47]} {[%emt 00:05:05]} Qxa2 {[%clk 00:40:57]}
{[%emt 00:01:21]} 40. Qb7+ {[%clk 00:42:51]} {[%emt 00:00:25]} Kg8 {[%clk
00:40:42]} {[%emt 00:00:45]} 41. d7 {[%clk 00:43:08]} {[%emt 00:00:13]} Rb8
{[%clk 00:40:40]} {[%emt 00:00:32]} 42. Qxb8 {[%clk 00:42:15]} {[%emt
00:01:25]} Rxb8 {[%clk 00:40:53]} {[%emt 00:00:15]} 43. d8=Q+ {[%emt 00:00:18]}
Rxd8 {[%clk 00:41:05]} {[%emt 00:00:03]} 44. Rxd8+ {[%clk 00:43:04]} {[%emt
00:00:09]} Kf7 {[%clk 00:41:11]} {[%emt 00:00:22]} 45. c5 {[%clk 00:42:59]}
{[%emt 00:00:37]} Qa3 {[%clk 00:41:01]} {[%emt 00:00:39]} 46. Rdd1 {[%clk
00:42:37]} {[%emt 00:00:53]} Qxh3 {[%clk 00:40:37]} {[%emt 00:00:55]} 47. c6
{[%clk 00:40:18]} {[%emt 00:02:48]} Qxg4+ {[%clk 00:37:18]} {[%emt 00:03:48]}
48. Kf1 {[%clk 00:40:25]} {[%emt 00:00:23]} Qh3+ {[%clk 00:37:18]} {[%emt
00:00:30]} 49. Kg1 {[%clk 00:40:47]} {[%emt 00:00:08]} Qg4+ {[%clk 00:36:42]}
{[%emt 00:01:05]} 50. Kf1 {[%clk 00:40:51]} {[%emt 00:00:26]} e3 {[%clk
00:36:57]} {[%emt 00:00:15]} 51. fxe3 {[%clk 00:40:18]} {[%emt 00:01:02]} Qf3+
{[%clk 00:37:14]} {[%emt 00:00:12]} 52. Ke1 {[%clk 00:40:43]} {[%emt 00:00:07]}
Qxe3+ {[%clk 00:37:27]} {[%emt 00:00:17]} 53. Kf1 {[%clk 00:40:58]} {[%emt
00:00:15]} f4 {[%clk 00:36:25]} {[%emt 00:01:32]} 54. Rd7+ {[%clk 00:40:07]}
{[%emt 00:01:21]} Kf6 {[%clk 00:36:34]} {[%emt 00:00:21]} 55. Rdd1 {[%clk
00:39:48]} {[%emt 00:00:49]} f3 {[%clk 00:36:13]} {[%emt 00:00:50]} 56. Rc2
{[%clk 00:39:41]} {[%emt 00:00:36]} 1/2-1/2

[Event "DVM U12 2023"]
[Site "Magdeburg GER"]
[Date "2023.12.30"]
[Round "7"]
[White "Wartenberg, Alexander"]
[Black "Luccone, Constantin"]
[Result "1-0"]
[Termination "normal"]
[Board "8.1"]
[WhiteElo "1695"]
[BlackElo "1377"]
[WhiteClock "00:15:19"]
[BlackClock "00:35:40"]
[WhiteTeam "Hamburger SK 1830"]
[BlackTeam "SF Brackel 1930"]
[PlyCount "57"]
[WhiteFideId "16280768"]
[BlackFideId "34634096"]
[EventCountry "GER"]
[EventRounds "7"]
[EventType "team-swiss"]
[EventDate "2023.12.26"]

1. e4 {[%clk 01:30:58]} e5 {[%clk 01:30:57]} 2. Nf3 {[%clk 01:31:24]} Nc6
{[%clk 01:31:24]} 3. d4 {[%clk 01:31:48]} exd4 4. Nxd4 {[%clk 01:32:15]} Nf6
{[%clk 01:32:12]} 5. Nc3 {[%clk 01:32:37]} Bb4 {[%clk 01:32:36]} 6. Nxc6 {[%clk
01:33:03]} bxc6 {[%clk 01:32:53]} 7. Bd3 {[%clk 01:33:26]} d5 8. exd5 {[%clk
01:33:48]} O-O {[%clk 01:33:07]} 9. O-O {[%clk 01:34:11]} cxd5 {[%clk
01:33:32]} 10. Bg5 {[%clk 01:34:26]} Be6 {[%clk 01:33:48]} 11. Qf3 {[%clk
01:28:08]} Be7 {[%clk 01:34:10]} 12. h3 {[%clk 01:27:45]} Rb8 {[%clk 01:34:29]}
13. Rab1 {[%clk 01:26:58]} Re8 {[%clk 01:33:55]} 14. Ne2 {[%clk 01:20:15]} c5
{[%clk 01:34:08]} 15. c3 {[%clk 01:17:55]} Qb6 {[%clk 01:24:35]} {[%emt
00:08:12]} 16. b3 {[%clk 01:00:11]} {[%emt 00:18:14]} a5 {[%clk 01:15:11]}
{[%emt 00:09:54]} 17. Nf4 {[%clk 00:55:51]} {[%emt 00:04:51]} Rbd8 {[%clk
01:08:45]} {[%emt 00:06:56]} 18. Rfe1 {[%clk 00:50:18]} {[%emt 00:06:02]} h6
{[%clk 01:02:04]} {[%emt 00:07:11]} 19. Nxe6 {[%clk 00:45:08]} {[%emt
00:05:39]} fxe6 {[%clk 01:02:11]} {[%emt 00:00:24]} 20. Bd2 {[%clk 00:42:39]}
{[%emt 00:02:59]} Bd6 {[%clk 00:59:55]} {[%emt 00:02:46]} 21. Bxh6 {[%clk
00:34:14]} {[%emt 00:08:55]} Rf8 {[%clk 00:57:23]} {[%emt 00:03:03]} 22. Bg5
{[%clk 00:25:00]} {[%emt 00:09:43]} Rb8 {[%clk 00:55:15]} {[%emt 00:02:38]} 23.
Bg6 {[%clk 00:20:04]} {[%emt 00:05:26]} Ne4 {[%clk 00:46:25]} {[%emt 00:09:20]}
24. Qh5 {[%clk 00:20:08]} {[%emt 00:00:26]} Nxg5 {[%clk 00:46:48]} {[%emt
00:00:07]} 25. Qxg5 {[%clk 00:20:29]} {[%emt 00:00:08]} Rxf2 {[%clk 00:40:31]}
{[%emt 00:06:48]} 26. Kxf2 {[%clk 00:17:03]} {[%emt 00:03:56]} c4+ {[%clk
00:39:06]} {[%emt 00:01:56]} 27. Ke2 {[%clk 00:17:10]} {[%emt 00:00:22]} Qa6
{[%clk 00:35:18]} {[%emt 00:04:18]} 28. Qh5 {[%clk 00:14:58]} {[%emt 00:02:41]}
cxb3+ {[%clk 00:35:40]} {[%emt 00:00:09]} 29. Bd3 {[%clk 00:15:19]} {[%emt
00:00:08]} 1-0

[Event "DVM U12 2023"]
[Site "Magdeburg GER"]
[Date "2023.12.30"]
[Round "7"]
[White "Libert, Nick"]
[Black "Wang, Kaiwen"]
[Result "0-1"]
[Termination "normal"]
[Board "8.2"]
[WhiteElo "1304"]
[BlackElo "1446"]
[WhiteClock "01:28:31"]
[BlackClock "01:11:13"]
[WhiteTeam "SF Brackel 1930"]
[BlackTeam "Hamburger SK 1830"]
[PlyCount "80"]
[WhiteFideId "34634088"]
[BlackFideId "16279514"]
[EventCountry "GER"]
[EventRounds "7"]
[EventType "team-swiss"]
[EventDate "2023.12.26"]

1. e4 {[%clk 01:31:00]} e5 {[%clk 01:30:50]} 2. Nf3 {[%clk 01:31:27]} Nc6
{[%clk 01:31:05]} 3. Bc4 {[%clk 01:31:56]} Bc5 {[%clk 01:30:13]} 4. Nc3 {[%clk
01:32:19]} d6 {[%clk 01:30:27]} 5. h3 {[%clk 01:32:48]} Nf6 {[%clk 01:30:33]}
6. d3 {[%clk 01:33:16]} Na5 {[%clk 01:30:42]} 7. Bb3 {[%clk 01:33:38]} Nxb3 8.
axb3 {[%clk 01:34:03]} c6 {[%clk 01:30:58]} 9. Bg5 {[%clk 01:34:12]} Bb6 {[%clk
01:30:50]} 10. Qd2 {[%clk 01:34:13]} h6 {[%clk 01:30:42]} 11. Bh4 {[%clk
01:34:38]} Be6 {[%clk 01:30:57]} 12. Bg3 {[%clk 01:33:48]} Qd7 {[%clk
01:29:53]} 13. d4 {[%clk 01:33:39]} exd4 14. Nxd4 {[%clk 01:34:02]} Bc7 {[%clk
01:25:54]} 15. Rd1 {[%clk 01:33:54]} Rd8 {[%clk 01:23:39]} 16. Nxe6 Qxe6 {[%clk
01:23:22]} 17. O-O O-O {[%clk 01:23:05]} 18. Rfe1 {[%clk 01:34:43]} Qd7 {[%clk
01:20:24]} 19. Qe3 {[%clk 01:33:06]} {[%emt 00:00:38]} Qe6 {[%clk 01:18:47]}
{[%emt 00:02:09]} 20. Qf3 {[%clk 01:32:51]} {[%emt 00:00:45]} Nd7 {[%clk
01:16:56]} {[%emt 00:02:21]} 21. Rd3 {[%clk 01:31:19]} {[%emt 00:02:02]} Ne5
{[%clk 01:16:38]} {[%emt 00:00:47]} 22. Bxe5 {[%clk 01:31:39]} {[%emt
00:00:10]} dxe5 {[%clk 01:17:03]} {[%emt 00:00:05]} 23. Red1 {[%clk 01:31:12]}
{[%emt 00:00:57]} Rxd3 {[%clk 01:16:46]} {[%emt 00:00:46]} 24. Rxd3 {[%clk
01:31:35]} {[%emt 00:00:07]} b5 {[%clk 01:16:46]} {[%emt 00:00:29]} 25. Qd1
{[%clk 01:31:12]} {[%emt 00:00:54]} Qf6 {[%clk 01:16:41]} {[%emt 00:00:34]} 26.
Qg4 {[%clk 01:28:49]} {[%emt 00:02:51]} Bb6 {[%clk 01:16:03]} {[%emt 00:01:11]}
27. Rf3 {[%clk 01:28:54]} {[%emt 00:00:25]} Qg6 {[%clk 01:15:52]} {[%emt
00:00:42]} 28. Qxg6 {[%clk 01:29:20]} {[%emt 00:00:04]} fxg6 {[%clk 01:16:12]}
{[%emt 00:00:10]} 29. Rxf8+ {[%clk 01:29:48]} {[%emt 00:00:02]} Kxf8 {[%clk
01:16:34]} {[%emt 00:00:07]} 30. Kf1 {[%clk 01:30:15]} {[%emt 00:00:03]} Bd4
{[%clk 01:15:56]} {[%emt 00:01:18]} 31. Ke2 {[%clk 01:30:24]} {[%emt 00:00:22]}
Bxc3 {[%clk 01:14:27]} {[%emt 00:01:59]} 32. bxc3 {[%clk 01:30:46]} {[%emt
00:00:08]} a5 {[%clk 01:14:50]} {[%emt 00:00:07]} 33. Kd3 {[%clk 01:31:15]}
{[%emt 00:00:02]} Ke7 {[%clk 01:15:01]} {[%emt 00:00:19]} 34. c4 {[%clk
01:31:31]} {[%emt 00:00:14]} Kd6 {[%clk 01:12:51]} {[%emt 00:02:40]} 35. g3
{[%clk 01:30:41]} {[%emt 00:01:20]} g5 {[%clk 01:12:46]} {[%emt 00:00:35]} 36.
f3 {[%clk 01:30:35]} {[%emt 00:00:36]} Kc5 {[%clk 01:11:55]} {[%emt 00:01:20]}
37. cxb5 {[%clk 01:30:49]} {[%emt 00:00:16]} cxb5 {[%clk 01:12:08]} {[%emt
00:00:16]} 38. Kc3 {[%clk 01:31:02]} {[%emt 00:00:18]} h5 {[%clk 01:11:13]}
{[%emt 00:01:24]} 39. Kd3 {[%clk 01:28:31]} {[%emt 00:03:01]} a4 {[%emt
00:07:09]} 40. Kc3 b4+ 0-1

[Event "DVM U12 2023"]
[Site "Magdeburg GER"]
[Date "2023.12.30"]
[Round "7"]
[White "Tuktamyshev, Timur"]
[Black "Seling, Simon"]
[Result "1-0"]
[Termination "normal"]
[Board "8.3"]
[WhiteElo "1391"]
[BlackElo "1026"]
[WhiteClock "00:23:45"]
[BlackClock "00:25:43"]
[WhiteTeam "Hamburger SK 1830"]
[BlackTeam "SF Brackel 1930"]
[PlyCount "131"]
[WhiteFideId "34637125"]
[BlackFideId "34681809"]
[EventCountry "GER"]
[EventRounds "7"]
[EventType "team-swiss"]
[EventDate "2023.12.26"]

1. e4 {[%clk 01:30:59]} {[%emt 12:14:23]} e5 {[%clk 01:30:50]} 2. Nf3 {[%clk
01:31:28]} Nc6 {[%clk 01:31:15]} 3. Bc4 {[%clk 01:31:56]} Bc5 {[%clk 01:31:28]}
4. Nc3 {[%clk 01:32:05]} Nf6 {[%clk 01:31:18]} 5. d3 {[%clk 01:32:26]} h6
{[%clk 01:31:19]} 6. O-O d6 {[%clk 01:30:08]} 7. Be3 {[%clk 01:30:45]} Bb6
{[%clk 01:29:29]} 8. d4 exd4 {[%clk 01:25:30]} 9. Nxd4 {[%clk 01:21:30]} Bxd4
{[%clk 01:20:37]} {[%emt 00:02:33]} 10. Bxd4 {[%clk 01:21:45]} {[%emt
00:00:14]} Nxd4 {[%clk 01:21:01]} {[%emt 00:00:07]} 11. Qxd4 {[%clk 01:22:10]}
{[%emt 00:00:05]} Be6 {[%clk 01:19:10]} {[%emt 00:02:21]} 12. Bxe6 {[%clk
01:20:17]} {[%emt 00:02:22]} fxe6 {[%clk 01:19:27]} {[%emt 00:00:12]} 13. e5
{[%clk 01:20:13]} {[%emt 00:00:35]} dxe5 {[%clk 01:16:07]} {[%emt 00:03:50]}
14. Qxe5 {[%clk 01:20:36]} {[%emt 00:00:07]} Qd6 {[%clk 01:13:34]} {[%emt
00:03:03]} 15. Rfe1 {[%clk 01:18:52]} {[%emt 00:02:14]} Qxe5 {[%clk 01:10:55]}
{[%emt 00:03:09]} 16. Rxe5 {[%clk 01:19:10]} {[%emt 00:00:12]} Kf7 {[%clk
01:10:18]} {[%emt 00:01:08]} 17. Rae1 {[%clk 01:18:55]} {[%emt 00:00:44]} Rhe8
{[%clk 01:09:45]} {[%emt 00:01:03]} 18. Nb5 {[%clk 01:19:13]} {[%emt 00:00:12]}
Re7 {[%clk 01:09:35]} {[%emt 00:00:40]} 19. Nd4 {[%clk 01:15:55]} {[%emt
00:03:48]} Rae8 {[%clk 01:05:48]} {[%emt 00:04:17]} 20. f4 {[%clk 01:14:27]}
{[%emt 00:01:57]} Nd7 {[%clk 01:01:01]} {[%emt 00:05:18]} 21. R5e3 {[%clk
01:13:25]} {[%emt 00:01:32]} e5 {[%clk 00:59:00]} {[%emt 00:02:31]} 22. Nf5
{[%clk 01:11:57]} {[%emt 00:01:57]} Re6 {[%clk 00:58:30]} {[%emt 00:01:00]} 23.
Rd1 {[%clk 01:07:10]} {[%emt 00:05:17]} Nb6 {[%clk 00:57:53]} {[%emt 00:01:06]}
24. Rc3 {[%clk 01:05:06]} {[%emt 00:02:36]} Kf6 {[%clk 00:55:33]} {[%emt
00:02:50]} 25. g4 {[%clk 01:02:59]} {[%emt 00:02:37]} g6 {[%clk 00:53:39]}
{[%emt 00:02:24]} 26. fxe5+ {[%clk 00:59:03]} {[%emt 00:04:27]} Rxe5 {[%clk
00:52:20]} {[%emt 00:01:50]} 27. Nxh6 {[%clk 00:57:48]} {[%emt 00:01:44]} Kg7
{[%clk 00:51:02]} {[%emt 00:01:48]} 28. Rh3 {[%clk 00:55:41]} {[%emt 00:02:37]}
Rh8 {[%clk 00:51:18]} {[%emt 00:00:13]} 29. Nf7 {[%clk 00:55:45]} {[%emt
00:00:26]} Rxh3 {[%clk 00:48:27]} {[%emt 00:03:21]} 30. Nxe5 {[%clk 00:56:02]}
{[%emt 00:00:14]} Kf6 {[%clk 00:47:55]} {[%emt 00:01:02]} 31. Nd3 {[%clk
00:51:47]} {[%emt 00:04:45]} Rh4 {[%clk 00:45:27]} {[%emt 00:02:56]} 32. Rf1+
{[%clk 00:51:38]} {[%emt 00:00:41]} Kg7 {[%clk 00:42:13]} {[%emt 00:03:43]} 33.
Ne5 {[%clk 00:51:23]} {[%emt 00:00:46]} Nd5 {[%clk 00:35:46]} {[%emt 00:06:57]}
34. Rf3 {[%clk 00:49:58]} {[%emt 00:01:55]} Nf6 {[%clk 00:32:23]} {[%emt
00:03:53]} 35. h3 {[%clk 00:47:14]} {[%emt 00:03:14]} g5 {[%clk 00:30:57]}
{[%emt 00:01:57]} 36. Rc3 {[%clk 00:46:07]} {[%emt 00:01:30]} Nd5 {[%clk
00:30:48]} {[%emt 00:00:46]} 37. Rf3 {[%clk 00:42:38]} {[%emt 00:03:59]} Rh8
{[%clk 00:29:23]} {[%emt 00:01:55]} 38. Nf7 {[%clk 00:38:31]} {[%emt 00:04:37]}
Re8 {[%clk 00:28:31]} {[%emt 00:01:22]} 39. Nxg5 {[%clk 00:38:04]} {[%emt
00:00:56]} Re2 {[%clk 00:27:57]} {[%emt 00:01:05]} 40. Rf2 {[%clk 00:36:42]}
{[%emt 00:01:52]} Re1+ {[%clk 00:27:35]} {[%emt 00:00:53]} 41. Kh2 {[%clk
00:36:25]} {[%emt 00:00:47]} Re8 {[%clk 00:27:20]} {[%emt 00:00:44]} 42. h4
{[%clk 00:36:06]} {[%emt 00:00:49]} Nf6 {[%clk 00:27:07]} {[%emt 00:00:42]} 43.
Kh3 {[%clk 00:34:54]} {[%emt 00:01:42]} Re3+ {[%clk 00:27:21]} {[%emt
00:00:16]} 44. Rf3 {[%clk 00:33:04]} {[%emt 00:02:20]} Re2 {[%clk 00:27:46]}
{[%emt 00:00:06]} 45. Rc3 {[%clk 00:33:11]} {[%emt 00:00:22]} Nd5 {[%clk
00:27:46]} {[%emt 00:00:30]} 46. Rf3 {[%clk 00:32:41]} {[%emt 00:01:00]} Rxc2
{[%clk 00:28:01]} {[%emt 00:00:15]} 47. Ne6+ {[%clk 00:32:54]} {[%emt
00:00:18]} Kh7 {[%clk 00:27:25]} {[%emt 00:01:06]} 48. Rb3 {[%clk 00:27:57]}
{[%emt 00:05:27]} b6 {[%emt 00:00:24]} 49. Rd3 {[%clk 00:26:18]} {[%emt
00:02:08]} Re2 {[%clk 00:26:47]} {[%emt 00:01:15]} 50. Ng5+ {[%clk 00:25:45]}
{[%emt 00:01:02]} Kg6 {[%clk 00:26:54]} {[%emt 00:00:23]} 51. Rxd5 {[%clk
00:25:54]} {[%emt 00:00:21]} Rxb2 {[%clk 00:27:15]} {[%emt 00:00:09]} 52. Ne6
{[%clk 00:24:20]} {[%emt 00:02:04]} Rxa2 {[%clk 00:27:14]} 53. Nxc7 {[%clk
00:24:20]} Ra3+ {[%clk 00:27:28]} {[%emt 00:00:53]} 54. Kg2 {[%clk 00:24:59]}
{[%emt 00:00:16]} Ra2+ {[%clk 00:27:48]} {[%emt 00:00:10]} 55. Kf3 {[%clk
00:25:07]} {[%emt 00:00:22]} Ra3+ {[%clk 00:26:49]} {[%emt 00:01:29]} 56. Ke4
{[%clk 00:25:08]} {[%emt 00:00:29]} Rh3 {[%clk 00:27:08]} {[%emt 00:00:10]} 57.
h5+ {[%clk 00:25:21]} {[%emt 00:00:16]} Kh6 {[%clk 00:27:02]} {[%emt 00:00:37]}
58. Rd6+ {[%clk 00:25:05]} {[%emt 00:00:46]} Kg5 {[%clk 00:26:49]} {[%emt
00:00:43]} 59. Rg6+ {[%clk 00:25:17]} {[%emt 00:00:18]} Kh4 {[%clk 00:26:54]}
{[%emt 00:00:24]} 60. h6 {[%clk 00:24:33]} {[%emt 00:01:14]} Rh1 {[%clk
00:26:48]} {[%emt 00:00:35]} 61. Na6 {[%clk 00:22:33]} {[%emt 00:02:32]} Re1+
{[%clk 00:26:44]} {[%emt 00:00:34]} 62. Kf5 {[%clk 00:22:49]} {[%emt 00:00:14]}
Rf1+ {[%clk 00:26:29]} {[%emt 00:00:45]} 63. Ke6 {[%clk 00:22:50]} {[%emt
00:00:29]} Rc1 {[%clk 00:26:07]} {[%emt 00:00:51]} 64. h7 {[%clk 00:23:00]}
{[%emt 00:00:21]} Rc6+ {[%clk 00:26:10]} {[%emt 00:00:27]} 65. Kf7 {[%clk
00:23:22]} {[%emt 00:00:08]} Rc8 {[%clk 00:25:43]} {[%emt 00:00:58]} 66. Rg8
{[%clk 00:23:45]} {[%emt 00:00:07]} 1-0

[Event "DVM U12 2023"]
[Site "Magdeburg GER"]
[Date "2023.12.30"]
[Round "7"]
[White "Zhou, Louis Yuchen"]
[Black "Vorderbrüggen, Quinn"]
[Result "0-1"]
[Termination "normal"]
[Board "8.4"]
[WhiteElo "963"]
[BlackElo "1126"]
[WhiteClock "00:47:31"]
[BlackClock "00:16:14"]
[WhiteTeam "SF Brackel 1930"]
[BlackTeam "Hamburger SK 1830"]
[PlyCount "85"]
[WhiteFideId "34649417"]
[EventCountry "GER"]
[EventRounds "7"]
[EventType "team-swiss"]
[EventDate "2023.12.26"]

1. e4 {[%clk 01:30:56]} e5 {[%clk 01:30:59]} 2. Nf3 {[%clk 01:31:18]} Nc6
{[%clk 01:28:12]} 3. Bc4 {[%clk 01:31:35]} Bc5 {[%clk 01:28:00]} 4. d3 {[%clk
01:31:54]} Nf6 {[%clk 01:25:27]} 5. Bg5 {[%clk 01:32:09]} h6 {[%clk 01:24:04]}
6. Bh4 {[%clk 01:32:30]} d6 {[%clk 01:23:43]} 7. h3 {[%clk 01:32:45]} Be6
{[%clk 01:22:52]} 8. Bb3 {[%clk 01:33:07]} Qd7 {[%clk 01:19:35]} 9. Nc3 {[%clk
01:32:50]} g5 {[%clk 01:16:39]} 10. Bg3 {[%clk 01:33:01]} O-O-O {[%clk
01:10:04]} {[%emt 00:02:34]} 11. Ba4 {[%clk 01:31:34]} {[%emt 00:01:57]} Qe7
{[%clk 01:01:10]} {[%emt 00:09:24]} 12. Bxc6 {[%clk 01:29:42]} {[%emt
00:02:22]} bxc6 {[%clk 01:01:33]} {[%emt 00:00:07]} 13. d4 {[%clk 01:30:04]}
{[%emt 00:00:08]} Bb6 {[%clk 00:51:03]} {[%emt 00:11:00]} 14. d5 {[%clk
01:28:19]} {[%emt 00:02:15]} cxd5 {[%clk 00:50:08]} {[%emt 00:01:25]} 15. exd5
{[%clk 01:27:52]} {[%emt 00:00:57]} Bd7 {[%clk 00:49:42]} {[%emt 00:00:55]} 16.
a4 {[%clk 01:20:13]} {[%emt 00:08:09]} a5 {[%clk 00:45:35]} {[%emt 00:04:37]}
17. b4 {[%clk 01:15:57]} {[%emt 00:04:46]} Rdg8 {[%clk 00:40:08]} {[%emt
00:05:56]} 18. bxa5 {[%clk 01:09:51]} {[%emt 00:06:37]} Bxa5 {[%clk 00:39:36]}
{[%emt 00:01:02]} 19. Qd3 {[%clk 01:09:54]} {[%emt 00:00:27]} e4 {[%clk
00:38:09]} {[%emt 00:01:57]} 20. Qa6+ {[%clk 01:08:37]} {[%emt 00:01:46]} Kd8
{[%clk 00:38:32]} {[%emt 00:00:07]} 21. Qxa5 {[%clk 01:07:47]} {[%emt
00:01:20]} exf3+ {[%clk 00:36:33]} {[%emt 00:02:29]} 22. Kd1 {[%clk 01:07:10]}
{[%emt 00:01:07]} fxg2 {[%clk 00:34:40]} {[%emt 00:02:23]} 23. Rg1 {[%clk
01:07:12]} {[%emt 00:00:28]} Re8 {[%clk 00:29:30]} {[%emt 00:05:40]} 24. Nb5
{[%clk 01:01:44]} {[%emt 00:05:59]} Qe2+ {[%clk 00:28:41]} {[%emt 00:01:19]}
25. Kc1 {[%clk 01:01:46]} {[%emt 00:00:28]} Bxb5 {[%clk 00:24:08]} {[%emt
00:05:03]} 26. Bxd6 {[%clk 01:00:46]} {[%emt 00:01:31]} Nxd5 {[%clk 00:19:15]}
{[%emt 00:05:23]} 27. Qa8+ {[%clk 00:58:28]} {[%emt 00:02:47]} Kd7 {[%clk
00:18:39]} {[%emt 00:01:06]} 28. Qxd5 {[%clk 00:57:45]} {[%emt 00:01:12]} Bc6
{[%clk 00:17:32]} {[%emt 00:01:37]} 29. Qd1 {[%clk 00:52:13]} {[%emt 00:06:03]}
Qxd1+ {[%clk 00:17:08]} {[%emt 00:00:54]} 30. Rxd1 {[%clk 00:52:37]} {[%emt
00:00:05]} cxd6 {[%clk 00:17:25]} {[%emt 00:00:14]} 31. a5 {[%clk 00:52:21]}
{[%emt 00:00:46]} Re2 {[%clk 00:17:41]} {[%emt 00:00:13]} 32. Kb2 {[%clk
00:52:24]} {[%emt 00:00:28]} Rxf2 {[%clk 00:17:38]} {[%emt 00:00:33]} 33. Kc3
{[%clk 00:50:59]} {[%emt 00:01:54]} Re8 {[%clk 00:17:07]} {[%emt 00:01:00]} 34.
a6 {[%clk 00:49:42]} {[%emt 00:01:48]} Rf3+ {[%clk 00:16:46]} {[%emt 00:00:51]}
35. Kb2 {[%clk 00:49:55]} {[%emt 00:00:17]} Rxh3 {[%clk 00:16:45]} {[%emt
00:00:31]} 36. a7 {[%clk 00:48:50]} {[%emt 00:01:36]} f5 {[%clk 00:16:10]}
{[%emt 00:01:05]} 37. Rg1 {[%clk 00:48:08]} {[%emt 00:01:12]} Rh1 {[%clk
00:15:33]} {[%emt 00:01:06]} 38. Rgd1 {[%clk 00:47:45]} {[%emt 00:00:52]} Rxd1
{[%clk 00:15:45]} {[%emt 00:00:19]} 39. Rxd1 {[%clk 00:48:07]} {[%emt
00:00:07]} Ra8 {[%clk 00:16:05]} {[%emt 00:00:10]} 40. Ra1 {[%clk 00:48:19]}
{[%emt 00:00:18]} Kc7 {[%clk 00:16:14]} {[%emt 00:00:21]} 41. Re1 {[%clk
00:46:59]} {[%emt 00:01:50]} Rxa7 {[%clk 00:15:51]} {[%emt 00:00:52]} 42. Re7+
{[%clk 00:47:15]} {[%emt 00:00:14]} Kb6 {[%clk 00:16:14]} {[%emt 00:00:08]} 43.
Re6 {[%clk 00:47:31]} {[%emt 00:00:14]} 0-1